Bob Dylan

Bibliographic Details
Main Author: Vegara,Maria Isabel Sanchez (Author)
Other Authors: Roset,Conrad (Illustrator)
Format: Book
Published: Daejeon, Korea : Sensee 2021
Edition:Braille edition
Series:Little people,big dreams series
Subjects:

MARC

LEADER 00000cam a2200000 7i4500
001 0000095227
005 20250527162654.0
020 |a 9791192503011 (  |q (hardback)) 
040 |e rda 
041 |a English 
090 0 0 |a JF   |b ENG 
100 1 |a Vegara,Maria Isabel Sanchez ,   |e (author) 
245 1 0 |a Bob Dylan   |c Maria Isabel Sanchez Vegara 
250 |a Braille edition 
264 1 |a Daejeon, Korea :   |b Sensee   |c 2021 
300 |a 38 pages :   |b colour illustrations ;   |c 24 x 26 cm. 
336 |a text  |2 rdacontent 
337 |a unmediated  |2 rdamedia 
338 |a volume  |2 rdacarrier 
490 1 |a Little people,big dreams series 
500 |a Children ages 7-9 years old (orange) 
541 |c Purchased on 2024   |f 24/153 KPM   |h RM179.40 
650 1 0 |a Children's stories,English 
650 2 0 |a Braille books 
700 1 |a Roset,Conrad ,   |e (illustrator) 
710 0 |a Sensee   |e (Braille embosser) 
999 |a 0001809403   |b Book   |c Braille   |e Perbadanan Perpustakaan Awam Johor